Central Library OPAC University of Rajshahi

The Northern passion (supplement) : (Record no. 64419)

MARC details
000 -LEADER
fixed length control field 01009nam a2200253 a 4500
001 - CONTROL NUMBER
control field 64419
003 - CONTROL NUMBER IDENTIFIER
rucl marc code BD-RjUL
005 - DATE AND TIME OF LATEST TRANSACTION
control field 20211209081316.0
008 - FIXED-LENGTH DATA ELEMENTS--GENERAL INFORMATION
fixed length control field 170214s1930 enk 000 0 eng
035 ## - SYSTEM CONTROL NUMBER
System control number (BD-RjUL)64549
040 ## - CATALOGING SOURCE
Original cataloging agency DLC
Transcribing agency WHE
Modifying agency BD-RjUL
Language of cataloging eng
041 ## - LANGUAGE CODE
Language code of text/sound track or separate title eng
082 ## - DEWEY DECIMAL CLASSIFICATION NUMBER
Edition number 23
Classification number 820.8001
Author mark and year NOR 1930
245 04 - TITLE STATEMENT
Title The Northern passion (supplement) :
Remainder of title Cambridge University ms. Gg. 1. 1; Oxford ms. Rawlinson poetry 175 /
Statement of responsibility, etc. edited by Wilhelm Heuser and Frances A. Foster.
260 ## - PUBLICATION, DISTRIBUTION, ETC. (IMPRINT)
Place of publication, distribution, etc. London :
Name of publisher, distributor, etc. Published for the Early English Text Society by H. Milford, Oxford University Press,
Date of publication, distribution, etc. 1930.
300 ## - PHYSICAL DESCRIPTION
Pagination x, 142 p. ;
Size 22 cm.
490 1# - SERIES STATEMENT
Series statement Original series / Early English Text Society ;
Volume/sequential designation no. 183
650 ## - SUBJECT ADDED ENTRY--TOPICAL TERM
Topical term or geographic name as entry element Jesus Christ
Form subdivision Passion
General subdivision Poetry.
9 (RLIN) 191139
700 1# - ADDED ENTRY--PERSONAL NAME
Personal name Foster, Frances A.
Fuller form of name (Frances Allen),
Dates associated with a name 1887-
Personal name Heuser, Wilhelm.
830 #0 - SERIES ADDED ENTRY--UNIFORM TITLE
Uniform title Early English Text Society (Series).
Volume number/sequential designation no.183.
942 ## - ADDED ENTRY ELEMENTS (KOHA)
Source of classification or shelving scheme Dewey Decimal Classification
Koha item type Books
Holdings
Lost status Source of classification or shelving scheme Damaged status Not for loan Collection code Permanent Location Current Location Shelving location Date acquired Source of acquisition Cost, normal purchase price Total Checkouts Full call number Date last seen Copy number Koha item type
  Dewey Decimal Classification   Not For Loan Non-fiction Central Library, University of Rajshahi Central Library, University of Rajshahi Reading Room 10/11/1956 Black well 9.00   820.8001 NOR 1930 14/02/2017 C-1 Books